000 006630000a22002050004500
005 20081029102112.0
008 081029t xxu||||| |||| 00| 0 eng d
010 _aENG-84324
020 _a8178792990
020 _c350.00 (hb)
035 _aEN-67857
082 _a796.5422 / GIL
100 _aGilcraft
245 _aScout games /
_cby Gilcraft
260 _aNew Delhi
_bSports Publication
260 _c2005
300 _a201p
_c22cm
942 _2ddc
_cEN
_h796.5422
_mGIL
999 _c17662
_d17662